| 000 | 00749cab a2200229 4500 | ||
|---|---|---|---|
| 001 | WB3306-13 | ||
| 008 | 090401t1997 xxu||||| |||| 00| 0 eng d | ||
| 035 | _a(Sirsi) u43822 | ||
| 041 | _aeng | ||
| 245 | _aWaste incineration directive | ||
| 260 | _c1997 | ||
| 350 | _a0 | ||
| 490 |
_aDoE News Release _v(047) 31 January 1997, (2) |
||
| 520 | _aDoE has issued a consultation paper proposing the implementation of the EC`s Hazardous Waste Incineration Directive. Comments by 31 March 1997. | ||
| 650 | _aEC DIRECTIVES | ||
| 650 | _aENVIRONMENTAL PROTECTION ACT 1990 | ||
| 650 | _aHAZARDOUS WASTE INCINERATION DIRECTIVE | ||
| 650 | _aHAZARDOUS WASTE | ||
| 690 | _aENVIRONMENTAL AND LAND CONSULTANCY | ||
| 942 | _n0 | ||
| 948 | _c04/03/1997 | ||
| 999 |
_c27931 _d27931 |
||